LEADER 01074nam a2200253 4500 001 000000365483 003 CaOOAMICUS 005 20251203120847.0 008 251128s2003 fr 000 u fre r 020 $a2-227-36319-3 040 $aSeMil$bita 100 1 $aGira, Dennis,$d<1943- >.$0(OLS)http://semarc/name/4179 245 13$aLe Lotus ou la Croix :$bles raisons d'un choix /$cDennis Gira. 264 1$aParis :$bBayard,$c2003. 300 $a156 p. ;$c21 cm 650 4$aCristianesimo - Rapporti [con il] Buddismo.$0(OLS)http://semarc/subject/59144 650 4$aBuddismo - Rapporto [con il] Cristianesimo.$0(OLS)http://semarc/subject/59145 850 $aSeMil 852 $aSeMil$W1$xVenegono$y1$m2RR III 2$j265088$B256321$CSeMilBibl$Z2$F256321 $81 961 $aBuzzi mons. Franco - Omaggio 996 $6020$a2-227-36319-3$9(OLS)http://semarc/number/304817 996 $6245$aLe Lotus ou la Croix :$bles raisons d'un choix$9(OLS)http://semarc/title/457086 996 $6264$aParis :$bBayard$9(OLS)http://semarc/publisher/30832 LEADER 00918nam a2200205 i 4500 001 000000241088 003 CaOOAMICUS 005 20150422000000.0 008 150422s1816 it u000 u lat u 013 $a219993 026 $aETIS a-t. 7.1. JuAp (3) 1816 (R) 040 $aSeMil$bita 245 10$aTomus 1. 300 $a[2], XIV, [2], 394, [2] p., [2] carte di tav. calcogr. :$britr. 500 $aRitr. di papa Pio VII. e dell'autore incisi da Pietro Becceni. 700 1 $aBecceni, Pietro .$0(OLS)http://semarc/name/40625 773 0 $aMorcelli, Stefano Antonio $tSteph. Antonii Morcelli e Societate Iesu ... Africa christiana in tres partes tributa. Volumen 1. [-3.].$dBrixiae : Ex Officina Bettoniana, 1816-1817.$g1$w()31782 850 $aSeMil 852 $aSeMil$W1$xVenegono$y1$m3D VI 61 FA$j191434$B191434$CSeMilBibl$Z2$F202244 $8I 996 $6245$aTomus 1$9(OLS)http://semarc/title/47282